| 000 | 00428nam a2200157 a 4500 | ||
|---|---|---|---|
| 005 | 20140412111418.0 | ||
| 008 | 070904s19uu xx 00 eng d | ||
| 020 | _a0-673-23910-1 | ||
| 050 |
_aTR(GS 510 _bI57 1988 |
||
| 100 | _aBolster, Carey | ||
| 245 |
_aInvitation to Mathematics K /T.ED / _cCarey Bolster. |
||
| 260 |
_aNew Jersey : _bScott Foresman, _c1988. |
||
| 300 | _a301 | ||
| 650 | _aMathematics | ||
| 999 |
_c105925 _d105925 |
||